[Event "Bogota IRT op"]
[Site "Bogota"]
[Date "2009.05.02"]
[Round "7"]
[White "Toncon, Ivan Eduardo"]
[Black "Lopez Idarraga, Daniel Eduardo"]
[Result "0-1"]
[WhiteElo "2068"]
[BlackElo "1958"]
[PlyCount "88"]
[EventDate "2009.04.30"]
[EventType "swiss"]
[EventRounds "9"]
[EventCountry "COL"]
[SourceTitle "CBM 130 Extra"]
[Source "ChessBase"]
[SourceDate "2009.07.02"]
[SourceVersion "2"]
[SourceVersionDate "2009.07.15"]
[SourceQuality "1"]

1. e4 e6 2. d4 d5 3. Nc3 Nf6 4. e5 Nfd7 5. Nce2 c5 6. c3 Nc6 7. f4 cxd4 8. cxd4 Bb4+ 9. Kf2 0-0 10. Nf3 f6 11. Kg3 fxe5 12. fxe5 Ne7 13. h3 Nf5+ 14. Kh2 Nb8 15. a3 Ba5 16. Bg5 Qe8 17. g4 Ne3 18. Bxe3 Rxf3 19. Qc1 Nc6 20. Bg2 Rf8 21. b4 Bb6 22. b5 Na5 23. a4 Nb3 24. Qa3 Nxa1 25. Rxa1 Bd7 26. Ng3 Bd8 27. Qd3 a6 28. Rb1 axb5 29. axb5 Qe7 30. Bd2 Ra3 31. Qe2 Qh4 32. Be1 Ba5 33. Nf5 Qg5 34. Bh4 Qf4+ 35. Bg3 Rxg3 36. Nxg3 Qxd4 37. Rd1 Qf2 38. Qd3 Qb2 39. Qe3 Bxb5 40. Qc5 Bc3 41. Nf1 Bxf1 42. Rxf1 Rxf1 43. Qc8+ Rf8 44. Qxe6+ Kh8 0-1